000 00267nam a22000977a 4500
008 231204b |||||||| |||| 00| 0 eng d
020 _a9789355559685
100 _aMTG
_97733
245 _aMTG CBSE 15 Sample Papers-Social Science-Class-10
260 _aNew Delhi
_bMTG
_c2024
999 _c12482
_d12482